000 01009nas a2200313 4500
001 BR0404306
003 BR-BrBNA
005 20231205104800.0
007 ta
008 230509b bl.|||p| |||| 00| 00por d
040 _aBR-BrBNA
_bpor
_cBiblioteca Nacional de Agricultura
041 _a(En)
072 _aL72
100 1 _aFreitas, L.H.T.
100 1 _aFaccini, J.L.H.
100 1 _aDaemon, E.
100 1 _aPrata, M.C.A.
100 1 _aBarros-Battesti, D.M.
245 1 _aExperimental infestation with the immatures of Amblyomma dissimile Koch, 1844 (Acari: Ixodidae)on Tropidurus torquatus (Lacertilia: Iguanidae)and Oryctolagus cuniculus
650 _aCOELHO
650 _aLAGARTO
650 _aLARVA
650 _aNINFA
650 _aINFESTAÇÃO
650 _aPARASITISMO
773 0 _tArquivo Brasileiro de Medicina Veterinária e Zootecnia (Brazil)
_xISSN 0102-0935
_g(Feb 2004), v. 56(1) p. 126-129
_wBR0404306
909 _a202311
_bLúcia
_c55
_dLúcia Elande
942 _2AGRIS
_n0
_cANA
999 _c179666
_d179666